[Event "10. Lichtenberger Sommer"]
[Site "Berlin"]
[Date "2011.08.14"]
[Round "3.41"]
[White "Kutzner, Stephen"]
[Black "Kuebart, Thore"]
[Result "1-0"]
[WhiteElo "2089"]
[BlackElo "1868"]
[PlyCount "79"]
[EventDate "2011.??.??"]
[WhiteTeam "SC 1950 Remagen"]
[BlackTeam "SV Königsjäger Süd-West e.V."]

1. e4 e5 2. Nf3 Nc6 3. Bb5 a6 4. Ba4 b5 5. Bb3 Be7 6. O-O Nf6 7. Re1 O-O 8. h3
Na5 9. Nxe5 Nxb3 10. axb3 Bb7 11. d3 d5 12. exd5 Qxd5 13. Qf3 Bd6 14. Qxd5 Bxd5
15. Nc3 Bb7 16. Ng4 Nxg4 17. hxg4 Bc8 18. g5 Bb7 19. Bd2 f5 20. gxf6 Rxf6 21.
Ne4 Rg6 22. g3 Be7 23. Bf4 c5 24. Re3 Rf8 25. Kf1 h5 26. Ke2 h4 27. Rh1 hxg3
28. fxg3 c4 29. bxc4 bxc4 30. Rd1 cxd3+ 31. Rdxd3 Bc6 32. c4 Rd8 33. Nc3 Rxd3
34. Rxd3 Re6+ 35. Re3 Rxe3+ 36. Kxe3 Bf6 37. Kd3 g6 38. b3 Kf7 39. Nd5 Bd8 40.
Kd4 1-0

[Event "10. Lichtenberger Sommer"]
[Site "Berlin"]
[Date "2011.08.14"]
[Round "3.42"]
[White "Rehder, Frank"]
[Black "Kapr, Klaus"]
[Result "0-1"]
[WhiteElo "1947"]
[BlackElo "2058"]
[PlyCount "50"]
[EventDate "2011.??.??"]
[WhiteTeam "SC Zugzwang 95 e.V."]
[BlackTeam "SC Friesen Lichtenberg e.V."]

1. d4 d5 2. Nf3 Nc6 3. b3 Bf5 4. Ba3 Nf6 5. e3 e6 6. Bxf8 Kxf8 7. Bd3 Bxd3 8.
Qxd3 Qd6 9. O-O a6 10. Nbd2 Re8 11. c4 h5 12. a3 e5 13. dxe5 Nxe5 14. Nxe5 Rxe5
15. Nf3 Re4 16. Rfd1 Rh6 17. cxd5 Rg6 18. g3 h4 19. Kg2 Reg4 20. Rf1 hxg3 21.
fxg3 Ne4 22. Ra2 Qf6 23. Raf2 Rh6 24. Qc2 Nxf2 25. Qc5+ Kg8 0-1

[Event "10. Lichtenberger Sommer"]
[Site "Berlin"]
[Date "2011.08.14"]
[Round "3.43"]
[White "Jaeger, Andre"]
[Black "Ruether, Marc"]
[Result "1-0"]
[WhiteElo "2044"]
[BlackElo "1808"]
[PlyCount "51"]
[EventDate "2011.??.??"]
[WhiteTeam "SC Rochade e.V."]
[BlackTeam "Queer-Springer SSV Berlin"]

1. d4 Nf6 2. c4 c5 3. Nf3 e6 4. Nc3 d5 5. e3 a6 6. a3 dxc4 7. Bxc4 b5 8. Bd3
Bb7 9. O-O Bd6 10. dxc5 Bxc5 11. e4 Nbd7 12. Bg5 O-O 13. Qe2 Be7 14. Rfd1 Nh5
15. Be3 Qc7 16. Rac1 Nf4 17. Qf1 Bc6 18. Nxb5 axb5 19. Bxf4 Qb7 20. Nd4 Bxe4
21. Rc7 Qd5 22. Bxe4 Qxe4 23. Rxd7 Bf6 24. Be3 Rfd8 25. Rxd8+ Rxd8 26. Nxb5 1-0

[Event "10. Lichtenberger Sommer"]
[Site "Berlin"]
[Date "2011.08.14"]
[Round "3.45"]
[White "Kupfer, Michael"]
[Black "Ziems, Michael"]
[Result "1-0"]
[WhiteElo "2049"]
[BlackElo "1795"]
[PlyCount "109"]
[EventDate "2011.??.??"]
[WhiteTeam "SC Friesen Lichtenberg e.V."]
[BlackTeam "SV Empor Berlin e.V."]

1. e4 e6 2. d4 d5 3. Nd2 dxe4 4. Nxe4 Nf6 5. Nxf6+ Qxf6 6. Nf3 h6 7. Bd3 c5 8.
O-O cxd4 9. Nxd4 a6 10. Be4 Bd6 11. g3 Be5 12. Nf3 Bc7 13. c3 O-O 14. Be3 Rd8
15. Qb3 Nd7 16. Rad1 Qe7 17. Qc4 Nf6 18. Bc5 Bd6 19. Bb6 Rd7 20. Rfe1 Nxe4 21.
Rxe4 Qf6 22. Qe2 Bf8 23. Ne5 Rd6 24. Bd4 Qd8 25. Qh5 Qe7 26. Rde1 f5 27. R4e2
Rd5 28. Nc4 f4 29. Re5 Rxe5 30. Rxe5 Qc7 31. Nb6 Rb8 32. Qe8 Qe7 33. Qxe7 Bxe7
34. Nxc8 Rxc8 35. Rxe6 Kf7 36. Rb6 fxg3 37. hxg3 Rc7 38. Kg2 Rd7 39. Kf3 Bd8
40. Rb4 b5 41. a4 Be7 42. Rb3 b4 43. Ke4 bxc3 44. bxc3 Bd8 45. Rb8 g5 46. Ra8
Rd6 47. g4 Kg6 48. Be5 Rd1 49. Rxa6+ Kh7 50. Ra7+ Kg8 51. Kf5 Rd5 52. Ke6 Rd1
53. Rg7+ Kf8 54. Rh7 Bf6 55. Bxf6 1-0

[Event "10. Lichtenberger Sommer"]
[Site "Berlin"]
[Date "2011.08.14"]
[Round "3.46"]
[White "Lehmann, Patricia"]
[Black "Stiefel, Roland"]
[Result "0-1"]
[WhiteElo "1601"]
[BlackElo "2064"]
[PlyCount "62"]
[EventDate "2011.??.??"]
[WhiteTeam "SG 1871 Löberitz"]
[BlackTeam "SSV Vimaria 91 Weimar"]

1. d4 c5 2. d5 g6 3. Nf3 Bg7 4. c4 d6 5. g3 Nd7 6. Bg2 Ngf6 7. O-O Nb6 8. Nbd2
O-O 9. e4 Bg4 10. Qc2 Ne8 11. Ne1 Be2 12. f4 Bxf1 13. Bxf1 e6 14. Ndf3 exd5 15.
cxd5 Nf6 16. Bg2 Re8 17. Ng5 h6 18. Nh3 Nfxd5 19. Bd2 Nc7 20. f5 g5 21. Bc3
Bxc3 22. Qxc3 Nb5 23. Qf3 Nd4 24. Qh5 Qf6 25. Nd3 Nc4 26. Ndf2 Ne5 27. Ng4 Nxg4
28. Qxg4 Nc6 29. Nf4 Ne5 30. Nd5 Nxg4 31. Nxf6+ Nxf6 0-1

[Event "10. Lichtenberger Sommer"]
[Site "Berlin"]
[Date "2011.08.14"]
[Round "3.47"]
[White "Stadtmueller, Harald"]
[Black "George, Tom"]
[Result "1-0"]
[WhiteElo "2132"]
[BlackElo "1839"]
[PlyCount "77"]
[EventDate "2011.??.??"]
[WhiteTeam "VSG 1880 Offenbach"]
[BlackTeam "SG Blau-Weiß Stadtilm"]

1. d4 Nf6 2. Nf3 e6 3. Bf4 b6 4. e3 Bb7 5. Nbd2 Be7 6. h3 d6 7. Bd3 Nbd7 8. O-O
O-O 9. Qe2 c5 10. c3 cxd4 11. exd4 a6 12. Rfe1 Re8 13. Rad1 b5 14. a3 Nb6 15.
Ng5 Bf8 16. Nde4 h6 17. Nf3 Nxe4 18. Bxe4 Bxe4 19. Qxe4 d5 20. Qe2 Bd6 21. Ne5
Nc4 22. Rd3 Nxe5 23. dxe5 Bf8 24. Rg3 g6 25. Qd2 Kh7 26. h4 h5 27. Bg5 Be7 28.
Ree3 Rc8 29. Ref3 Bxg5 30. Rxg5 Qe7 31. Rf6 Rc4 32. g3 Rec8 33. Qd3 Re4 34. f3
Rxe5 35. Rfxg6 Rf5 36. Rxf5 fxg6 37. Rxh5+ Kg7 38. Rg5 Rh8 39. Qxg6+ 1-0

[Event "10. Lichtenberger Sommer"]
[Site "Berlin"]
[Date "2011.08.14"]
[Round "3.49"]
[White "Rosebrock, Timotej Alexander"]
[Black "Pallas, Sebastian"]
[Result "1-0"]
[WhiteElo "1934"]
[BlackElo "1803"]
[PlyCount "81"]
[EventDate "2011.??.??"]
[WhiteTeam "Basel SG"]
[BlackTeam "SG 1871 Löberitz"]

1. e4 c5 2. Nc3 Nc6 3. f4 d6 4. Nf3 e6 5. g3 g6 6. Bg2 Bg7 7. d3 Nge7 8. O-O
O-O 9. Be3 b6 10. e5 Bb7 11. d4 cxd4 12. Bxd4 Nxd4 13. Qxd4 dxe5 14. Qxd8 Raxd8
15. Nxe5 Bxg2 16. Kxg2 Nf5 17. Rae1 Rd2+ 18. Rf2 Rfd8 19. Nb5 a6 20. Nc7 Rxf2+
21. Kxf2 Rc8 22. Nxa6 Rxc2+ 23. Re2 Rxe2+ 24. Kxe2 Ne7 25. Kd3 Nd5 26. Kc4 h5
27. Nb4 Nc7 28. a4 Bxe5 29. fxe5 f5 30. Nd3 g5 31. b4 Kf7 32. a5 bxa5 33. bxa5
Ke7 34. Nc5 Kf7 35. a6 Ke7 36. a7 g4 37. Kd3 Kf7 38. Na6 Na8 39. Ke3 Ke7 40.
Nc5 Nc7 41. Kf4 1-0

[Event "10. Lichtenberger Sommer"]
[Site "Berlin"]
[Date "2011.08.14"]
[Round "3.50"]
[White "Casny, Guenter"]
[Black "Weichlein, Paul"]
[Result "1-0"]
[WhiteElo "1865"]
[BlackElo "1973"]
[PlyCount "107"]
[EventDate "2011.??.??"]
[WhiteTeam "SC Rochade e.V."]
[BlackTeam "SAbt TSV Haunstetten"]

1. d4 d5 2. e3 Nf6 3. Bd3 c5 4. c3 e6 5. Nf3 Bd6 6. Nbd2 Nbd7 7. O-O O-O 8. Re1
e5 9. dxe5 Nxe5 10. Nxe5 Bxe5 11. Nf3 Bc7 12. g3 Qe7 13. Bf1 Bg4 14. Bg2 Rad8
15. Qc2 Ne4 16. Nd2 Bf5 17. Nxe4 Bxe4 18. Qe2 Bxg2 19. Kxg2 Rfe8 20. Bd2 Bb6
21. Rad1 d4 22. cxd4 cxd4 23. Qf3 dxe3 24. Bxe3 Rxd1 25. Qxd1 Qe4+ 26. Qf3 Bxe3
27. Rxe3 Qxf3+ 28. Kxf3 Kf8 29. Rxe8+ Kxe8 30. Ke4 Ke7 31. f4 Ke6 32. f5+ Kf6
33. Kf4 g6 34. fxg6 hxg6 35. h4 Kg7 36. g4 Kh6 37. Ke5 Kg7 38. g5 a5 39. a4 Kf8
40. Kd6 Kg7 41. Ke7 Kg8 42. Kd7 f5 43. gxf6 Kf7 44. Kc7 Kxf6 45. Kxb7 Kf5 46.
Ka6 Kg4 47. Kxa5 Kxh4 48. b4 g5 49. b5 g4 50. b6 g3 51. b7 g2 52. b8=Q g1=Q 53.
Qh8+ Kg3 54. Qg7+ 1-0

[Event "10. Lichtenberger Sommer"]
[Site "Berlin"]
[Date "2011.08.14"]
[Round "3.51"]
[White "Dreke, Frank"]
[Black "Kohlmeyer, Dagobert"]
[Result "1-0"]
[WhiteElo "2030"]
[BlackElo "1879"]
[PlyCount "81"]
[EventDate "2011.??.??"]
[WhiteTeam "Treptower SV 1949 e.V."]
[BlackTeam "SC Rochade e.V."]

1. e4 e6 2. d4 d5 3. e5 c5 4. c3 Nc6 5. Nf3 Qb6 6. Be2 Bd7 7. O-O c4 8. b3 Na5
9. Nbd2 cxb3 10. axb3 a6 11. b4 Nc6 12. b5 Na5 13. Qa4 axb5 14. Qa2 Ra6 15. Ba3
Bxa3 16. Qxa3 Ne7 17. Rfb1 Nac6 18. Qb2 Na7 19. c4 Rxa1 20. Rxa1 b4 21. c5 Qc7
22. Rxa7 O-O 23. Qxb4 Bc6 24. h3 h6 25. Nb3 Qb8 26. Ra3 f6 27. Na5 f5 28. Bb5
Qe8 29. Bxc6 bxc6 30. Qb7 g5 31. Rb3 g4 32. hxg4 fxg4 33. Nh4 Qf7 34. Rb2 g3
35. Nf3 Qf4 36. fxg3 Qe3+ 37. Kh2 Nf5 38. Nxc6 Rf7 39. Qc8+ Kg7 40. Qxe6 Nxg3
41. Qg4+ 1-0

[Event "10. Lichtenberger Sommer"]
[Site "Berlin"]
[Date "2011.08.14"]
[Round "3.52"]
[White "Hesselbarth, Karlheinz"]
[Black "Klyszcz, Michael"]
[Result "1/2-1/2"]
[WhiteElo "1789"]
[BlackElo "2064"]
[PlyCount "51"]
[EventDate "2011.??.??"]
[WhiteTeam "SC Zugzwang 95 e.V."]
[BlackTeam "SG 1871 Löberitz"]

1. d4 Nf6 2. c4 g6 3. Nc3 d5 4. Bg5 Ne4 5. Bh4 Nxc3 6. bxc3 dxc4 7. e3 Be6 8.
Rb1 c6 9. Rxb7 Qa5 10. Qd2 Nd7 11. Rb2 Bg7 12. Be2 Nc5 13. f3 Na4 14. Rc2 Rb8
15. Bd1 c5 16. Ne2 cxd4 17. Nxd4 Bd7 18. O-O Qb6 19. Rc1 Qa5 20. Bxa4 Bxa4 21.
Rb1 Qd8 22. Rxb8 Qxb8 23. f4 e5 24. fxe5 Bxe5 25. Nf3 Bg7 26. Bg3 1/2-1/2

[Event "10. Lichtenberger Sommer"]
[Site "Berlin"]
[Date "2011.08.14"]
[Round "3.53"]
[White "Albinus, Guenter"]
[Black "Hoppensack, Manfred"]
[Result "1/2-1/2"]
[WhiteElo "1825"]
[BlackElo "2058"]
[PlyCount "24"]
[EventDate "2011.??.??"]
[WhiteTeam "SG Weißensee 49 e.V."]
[BlackTeam "SC Friesen Lichtenberg e.V."]

1. Nf3 Nc6 2. e4 d5 3. exd5 Qxd5 4. Nc3 Qf5 5. d4 Nf6 6. Bd3 Qa5 7. O-O Bg4 8.
Be2 O-O-O 9. Be3 e5 10. Nd2 Bxe2 11. Nxe2 Ng4 12. Nb3 Nxe3 1/2-1/2

[Event "10. Lichtenberger Sommer"]
[Site "Berlin"]
[Date "2011.08.14"]
[Round "3.54"]
[White "Yin, Stanley"]
[Black "Schmidek, Emil"]
[Result "1/2-1/2"]
[WhiteElo "1990"]
[BlackElo "1732"]
[PlyCount "68"]
[EventDate "2011.??.??"]
[WhiteTeam "SC Caissa Schwarzenbach"]
[BlackTeam "TuS Makkabi Berlin e.V."]

1. g3 g6 2. Bg2 Bg7 3. Nf3 Nf6 4. d4 d6 5. c3 c6 6. h3 Nbd7 7. Na3 O-O 8. O-O
e5 9. Nc4 e4 10. Nfd2 d5 11. Nd6 Qc7 12. Nxc8 Raxc8 13. Nb1 Nh5 14. b4 f5 15.
e3 Nhf6 16. a4 a6 17. b5 axb5 18. axb5 Ra8 19. Na3 Rfc8 20. Qb3 c5 21. c4 cxd4
22. cxd5 Qc3 23. Qa2 d3 24. d6+ Kh8 25. Bb2 Qc5 26. Bd4 Qxd6 27. Nc4 Qf8 28.
Qb3 Rxa1 29. Rxa1 Ra8 30. Rxa8 Qxa8 31. Nd6 h6 32. g4 Qg8 33. Nf7+ Kh7 34. gxf5
gxf5 1/2-1/2

[Event "10. Lichtenberger Sommer"]
[Site "Berlin"]
[Date "2011.08.14"]
[Round "3.55"]
[White "Gremm, Albert Jürgen"]
[Black "Yuan, Yizheng"]
[Result "1-0"]
[WhiteElo "1906"]
[BlackElo "1889"]
[PlyCount "89"]
[EventDate "2011.??.??"]
[WhiteTeam "SC Kreuzberg e.V."]
[BlackTeam "Schachpinguine Berlin e.V."]

1. d4 Nf6 2. Nc3 d5 3. Bg5 Nbd7 4. e4 dxe4 5. Bc4 g6 6. h4 Bg7 7. h5 Nb6 8. h6
Bxh6 9. Bxh6 Nxc4 10. Bg7 Rg8 11. Bxf6 exf6 12. Nxe4 f5 13. Qe2 fxe4 14. Qxc4
Qg5 15. Rxh7 Be6 16. Qe2 O-O-O 17. Qe3 Qxg2 18. O-O-O b6 19. Ne2 c5 20. Nf4 Qg4
21. d5 g5 22. Nxe6 fxe6 23. Rxa7 Qf3 24. Qxf3 exf3 25. dxe6 Rde8 26. Ra8+ Kc7
27. Rxe8 Rxe8 28. Re1 Re7 29. Re4 g4 30. Kd2 Kd8 31. Ke3 Rg7 32. Kf4 g3 33. Re1
gxf2 34. Rf1 Ke7 35. Rxf2 Rg2 36. Kxf3 Rxf2+ 37. Kxf2 Kxe6 38. Ke3 Kd5 39. Kd3
c4+ 40. Kc3 Kc5 41. a4 b5 42. axb5 Kxb5 43. Kd4 Kb4 44. Kd5 Kb5 45. c3 1-0

[Event "10. Lichtenberger Sommer"]
[Site "Berlin"]
[Date "2011.08.14"]
[Round "3.56"]
[White "Schrodt, Horst"]
[Black "Strehlow, Horst"]
[Result "0-1"]
[WhiteElo "1709"]
[BlackElo "2074"]
[PlyCount "100"]
[EventDate "2011.??.??"]
[WhiteTeam "SC Eintracht Berlin e.V."]
[BlackTeam "SC Friesen Lichtenberg e.V."]

1. d4 d5 2. c4 c6 3. Nc3 e6 4. cxd5 cxd5 5. Nf3 Nc6 6. Bf4 a6 7. a3 Nf6 8. Rc1
Ne4 9. e3 f5 10. Be2 Be7 11. Ne5 Nxe5 12. Bxe5 Bf6 13. Bxf6 Qxf6 14. Na4 O-O
15. Nb6 Rb8 16. Rc7 e5 17. dxe5 Qxb6 18. Qxd5+ Be6 19. Qxe6+ Qxe6 20. Bc4 Qxc4
21. Rxc4 Rbc8 22. Rxc8 Rxc8 23. O-O Rc5 24. f3 Ng5 25. h4 Ne6 26. f4 Kf7 27.
Rd1 Ke7 28. Rd3 Rc1+ 29. Kh2 Rc2 30. b4 g6 31. Kh3 h5 32. Kg3 Rc7 33. Kf3 Rd7
34. Rc3 Nc7 35. Rb3 Ke6 36. a4 Rd1 37. b5 a5 38. b6 Na6 39. Ke2 Rd5 40. Rc3 Rc5
41. Rd3 Rc6 42. Rb3 Nb4 43. e4 fxe4 44. Rg3 Kd5 45. Rg5 Kd4 46. e6 Rxe6 47.
Rxa5 Rxb6 48. f5 gxf5 49. Rxf5 Nd5 50. g3 Rb2+ 0-1

[Event "10. Lichtenberger Sommer"]
[Site "Berlin"]
[Date "2011.08.14"]
[Round "3.57"]
[White "Bockelmann, Rolf"]
[Black "Kievelitz, Bernd"]
[Result "0-1"]
[WhiteElo "1820"]
[BlackElo "2070"]
[PlyCount "54"]
[EventDate "2011.??.??"]
[WhiteTeam "SV Senat (FV Schach)"]
[BlackTeam "SC Zitadelle Spandau 1977 e.V."]

1. e4 c5 2. d4 cxd4 3. c3 Nf6 4. Bc4 Qc7 5. Qe2 Nc6 6. Nf3 d6 7. h3 a6 8. a4
Ne5 9. Nxe5 dxe5 10. O-O e6 11. Bg5 Be7 12. Nd2 dxc3 13. bxc3 h6 14. Be3 Bd7
15. a5 Bc5 16. Bxc5 Qxc5 17. Nb3 Qc7 18. Rac1 O-O 19. Bd3 Bc6 20. c4 Rfd8 21.
Rfd1 Ba4 22. Qa2 Bxb3 23. Qxb3 Rd4 24. Bc2 Rxc4 25. Qb1 Rc8 26. Rd2 Nxe4 27.
Re2 Nc3 0-1

[Event "10. Lichtenberger Sommer"]
[Site "Berlin"]
[Date "2011.08.14"]
[Round "3.59"]
[White "Sube, Günter"]
[Black "Barwich, Andreas"]
[Result "1/2-1/2"]
[WhiteElo "1842"]
[BlackElo "1963"]
[PlyCount "65"]
[EventDate "2011.??.??"]
[WhiteTeam "SV Bau-Union e.V."]
[BlackTeam "SV Berolina Mitte e.V."]

1. e4 c6 2. d4 d5 3. exd5 cxd5 4. Bd3 Nc6 5. c3 Nf6 6. h3 e5 7. dxe5 Nxe5 8.
Nf3 Nxd3+ 9. Qxd3 Be7 10. O-O O-O 11. Nd4 Bd7 12. Be3 Re8 13. Nd2 a6 14. Rfe1
Qc7 15. Bg5 Qb6 16. N2f3 Ne4 17. Bxe7 Rxe7 18. Re2 Rae8 19. Rae1 Qf6 20. Kf1 h6
21. b3 Qg6 22. Ng1 Bc6 23. Qc2 Re5 24. Ngf3 R5e7 25. Qc1 Kf8 26. Nd2 Nxd2+ 27.
Qxd2 Rxe2 28. Rxe2 Qb1+ 29. Qe1 Qd3 30. Qd2 Qb1+ 31. Qe1 Qd3 32. Qd2 Qb1+ 33.
Qe1 1/2-1/2

[Event "10. Lichtenberger Sommer"]
[Site "Berlin"]
[Date "2011.08.14"]
[Round "3.60"]
[White "Bandsom, Olaf"]
[Black "Penner, Markus"]
[Result "0-1"]
[WhiteElo "1778"]
[BlackElo "1949"]
[PlyCount "124"]
[EventDate "2011.??.??"]
[WhiteTeam "SC Friesen Lichtenberg e.V."]
[BlackTeam "SK Zehlendorf e.V."]

1. e4 e5 2. Nf3 Nc6 3. Bc4 Bc5 4. c3 Nf6 5. b4 Bb6 6. d3 d6 7. Bg5 Be6 8. Nbd2
h6 9. Bxf6 Qxf6 10. Bxe6 fxe6 11. Nc4 O-O 12. O-O Ne7 13. a4 a6 14. Nxb6 cxb6
15. Rc1 Ng6 16. d4 Rad8 17. Qd2 Nf4 18. Qe3 exd4 19. cxd4 e5 20. d5 Rd7 21. g3
Nxd5 22. exd5 Qxf3 23. Qxf3 Rxf3 24. Rc8+ Kf7 25. Kg2 Rd3 26. f4 e4 27. Re1 Re7
28. Rc4 e3 29. Kf3 b5 30. axb5 axb5 31. Rc2 Kf6 32. Ree2 Rxd5 33. Rxe3 Rxe3+
34. Kxe3 Rd1 35. Rc7 Rb1 36. Rxb7 Rxb4 37. g4 g5 38. fxg5+ hxg5 39. h3 Ke5 40.
Re7+ Kd5 41. Rg7 Rb3+ 42. Kd2 Rxh3 43. Rxg5+ Kc4 44. Rg8 Rg3 45. g5 b4 46. g6
Kb3 47. g7 d5 48. Rd8 Rxg7 49. Rxd5 Rc7 50. Ra5 Kb2 51. Rb5 b3 52. Ra5 Rd7+ 53.
Ke2 Kb1 54. Rb5 b2 55. Rb8 Rd4 56. Ke3 Rd5 57. Ke2 Kc2 58. Rc8+ Kb3 59. Rb8+
Kc3 60. Ke1 Rd4 61. Ke2 Rb4 62. Rc8+ Kb3 0-1

[Event "10. Lichtenberger Sommer"]
[Site "Berlin"]
[Date "2011.08.14"]
[Round "3.61"]
[White "Boeck, Ruediger"]
[Black "Gebert, Ralf"]
[Result "0-1"]
[WhiteElo "1830"]
[BlackElo "2039"]
[PlyCount "78"]
[EventDate "2011.??.??"]
[WhiteTeam "SC Weisse Dame Ulm e.V."]
[BlackTeam "SG Güstrow/Teterow"]

1. e4 e5 2. Nf3 Nc6 3. Bc4 Nf6 4. d3 Be7 5. O-O d6 6. h3 O-O 7. Nc3 Na5 8. Bb5
c6 9. Ba4 b5 10. Bb3 Qc7 11. Ne2 Nxb3 12. axb3 d5 13. Ng3 Re8 14. c3 a5 15. b4
a4 16. b3 dxe4 17. dxe4 Rd8 18. Qe2 Be6 19. bxa4 Bc4 20. Qc2 Bxf1 21. Kxf1 c5
22. Qb3 Rxa4 23. Rxa4 bxa4 24. Qxa4 cxb4 25. Bg5 bxc3 26. Nf5 Kf8 27. Ne3 Qb8
28. Bxf6 gxf6 29. Nd5 Qb1+ 30. Ne1 Qb7 31. Qc2 Bb4 32. Nd3 Ba5 33. Nxf6 Qa6 34.
Nd5 Rxd5 35. exd5 e4 36. Ke2 Ke7 37. Ke3 Qxd3+ 38. Qxd3 exd3 39. Kxd3 Kd6 0-1

[Event "10. Lichtenberger Sommer"]
[Site "Berlin"]
[Date "2011.08.14"]
[Round "3.62"]
[White "Schwarz, Oliver"]
[Black "Lasschuit, Rene"]
[Result "0-1"]
[WhiteElo "1960"]
[BlackElo "1862"]
[PlyCount "66"]
[EventDate "2011.??.??"]
[WhiteTeam "SV Königsjäger Süd-West e.V."]
[BlackTeam "vereinslos"]

1. e4 Nf6 2. e5 Nd5 3. c4 Nb6 4. d4 d6 5. exd6 cxd6 6. Nc3 g6 7. Be3 Bg7 8. Rc1
O-O 9. Nf3 Nc6 10. d5 Ne5 11. Nxe5 Bxe5 12. Bh6 Re8 13. Qd2 e6 14. Bg5 exd5 15.
Kd1 f6 16. Bh4 dxc4 17. f4 Bxc3 18. Qxc3 Bg4+ 19. Kd2 Kg7 20. h3 Be6 21. g4 d5
22. Qd4 Kf7 23. Be2 Nd7 24. f5 gxf5 25. gxf5 Qa5+ 26. Rc3 Bxf5 27. Rf1 Re4 28.
Qg1 Bg6 29. Qf2 Rae8 30. Bg4 Qb6 31. Qxb6 Nxb6 32. Bxf6 Kg8 33. h4 Rxg4 0-1

[Event "10. Lichtenberger Sommer"]
[Site "Berlin"]
[Date "2011.08.14"]
[Round "3.65"]
[White "Schmidt, Juergen"]
[Black "Rausch, Erik"]
[Result "1/2-1/2"]
[WhiteElo "2024"]
[BlackElo "1821"]
[PlyCount "64"]
[EventDate "2011.??.??"]
[WhiteTeam "SC Kreuzberg e.V."]
[BlackTeam "vereinslos"]

1. e4 c5 2. Nf3 Nc6 3. d4 cxd4 4. Nxd4 g6 5. Nc3 Bg7 6. Be3 Nf6 7. Bc4 Qa5 8.
O-O O-O 9. a3 Qc7 10. Ba2 a6 11. f4 d6 12. h3 b5 13. Nxc6 Qxc6 14. Nd5 Qb7 15.
Nxf6+ Bxf6 16. e5 dxe5 17. Bd5 Qb8 18. Qf3 exf4 19. Bxf4 Qb6+ 20. Be3 Bd4 21.
Bxa8 Bxe3+ 22. Kh1 Be6 23. Bd5 Bd4 24. Bxe6 Qxe6 25. Rae1 Qd6 26. Rd1 Qb6 27.
c3 Bf6 28. Qd5 Kg7 29. Qb3 Qe3 30. Qd5 Qe2 31. Qd2 Qc4 32. Rf4 Qc7 1/2-1/2

[Event "10. Lichtenberger Sommer"]
[Site "Berlin"]
[Date "2011.08.14"]
[Round "3.66"]
[White "Wiemann, Lea"]
[Black "Grassi, Fabrizio"]
[Result "1/2-1/2"]
[WhiteElo "1518"]
[BlackElo "1960"]
[PlyCount "127"]
[EventDate "2011.??.??"]
[WhiteTeam "Queer-Springer SSV Berlin"]
[BlackTeam "SV Berlin-Friedrichstadt"]

1. d4 d5 2. c4 e6 3. Nf3 Nf6 4. Nc3 Nbd7 5. Bg5 Be7 6. e3 O-O 7. Qb3 c6 8. Bd3
Re8 9. O-O Nf8 10. Rac1 N6d7 11. Bf4 Bf6 12. Rfd1 Qe7 13. e4 dxe4 14. Nxe4 Ng6
15. Bg3 e5 16. Re1 Qf8 17. Nxf6+ gxf6 18. Bxg6 hxg6 19. dxe5 Nc5 20. Qa3 f5 21.
Ng5 Ne6 22. Qxf8+ Rxf8 23. Nxe6 fxe6 24. Bh4 Rf7 25. Red1 Rd7 26. Rxd7 Bxd7 27.
Rd1 Be8 28. f4 Rc8 29. b4 Rc7 30. Kf2 Kf7 31. Kf3 Rd7 32. Rxd7+ Bxd7 33. Ke3
Ke8 34. Kd4 b6 35. a4 c5+ 36. bxc5 Bxa4 37. cxb6 axb6 38. Bf2 Kd7 39. g3 Bd1
40. Kc3 Kc6 41. Kd3 Bg4 42. Ke3 Bh3 43. Kd4 Bg4 44. Be1 Bh3 45. Bb4 Bg4 46. Ke3
Bh3 47. Kf3 Bf1 48. g4 fxg4+ 49. Kxg4 Bxc4 50. h4 Bd3 51. Kf3 Kb5 52. Ke3 Bf5
53. Bd6 Kc4 54. Kd2 Kb3 55. Kc1 b5 56. Kd2 b4 57. Kc1 Kc3 58. Bc7 Kb3 59. Bd6
Kc3 60. Bc7 Be4 61. Ba5 Kb3 62. Bb6 Ka2 63. Bd4 Bf5 64. Bb2 1/2-1/2

[Event "10. Lichtenberger Sommer"]
[Site "Berlin"]
[Date "2011.08.14"]
[Round "3.67"]
[White "Petkov, Peter"]
[Black "Kasper, Peter"]
[Result "0-1"]
[WhiteElo "2036"]
[BlackElo "1808"]
[PlyCount "94"]
[EventDate "2011.??.??"]
[WhiteTeam "SV Bau-Union e.V."]
[BlackTeam "SG Eckturm"]

1. Nf3 d5 2. b3 e6 3. Bb2 Nf6 4. e3 Be7 5. d4 O-O 6. Bd3 b6 7. O-O Bb7 8. c4
dxc4 9. bxc4 c5 10. Qe2 Qc7 11. Nc3 Rd8 12. Rfd1 Nc6 13. Rac1 Nb4 14. Bb1 Qc6
15. a3 Na6 16. Bc2 cxd4 17. Ba4 Qc8 18. exd4 Nc7 19. Ne5 Nce8 20. Bc2 Ba6 21.
Nb5 Bxb5 22. cxb5 Qb7 23. Re1 a6 24. a4 axb5 25. axb5 Qd5 26. Bd3 Qb7 27. Nc6
Rd7 28. Ra1 Nd5 29. Rxa8 Qxa8 30. Ne5 Ra7 31. Bc1 Ra1 32. g4 Rxc1 33. Rxc1 Nf4
34. Qe4 Qxe4 35. Bxe4 Ne2+ 36. Kg2 Nxc1 37. Nd7 Bd8 38. d5 Nf6 39. dxe6 fxe6
40. Nxf6+ Bxf6 41. f4 h6 42. Kf3 Bd4 43. Bc6 Nb3 44. Ke4 Kf7 45. f5 exf5+ 46.
gxf5 Bc5 47. Kd5 Nd4 0-1

[Event "10. Lichtenberger Sommer"]
[Site "Berlin"]
[Date "2011.08.14"]
[Round "3.69"]
[White "Reiche, Andreas"]
[Black "Engers, Felix"]
[Result "1-0"]
[WhiteElo "1848"]
[BlackElo "1536"]
[PlyCount "65"]
[EventDate "2011.??.??"]
[WhiteTeam "SV Berolina Mitte e.V."]
[BlackTeam "SC Zitadelle Spandau 1977 e.V."]

1. e4 c5 2. Nf3 d6 3. b3 Nf6 4. Nc3 Nc6 5. Bb2 e6 6. d3 a6 7. a4 Be7 8. g3 O-O
9. Bg2 e5 10. O-O Be6 11. Ng5 Nd4 12. Nxe6 fxe6 13. f4 exf4 14. gxf4 Rb8 15.
Ne2 e5 16. Ng3 exf4 17. Rxf4 b5 18. Bxd4 cxd4 19. axb5 axb5 20. Ra7 Nd7 21. Nf5
Bg5 22. Qg4 g6 23. Rxd7 Qxd7 24. Nh6+ Bxh6 25. Rxf8+ Rxf8 26. Qxd7 Ra8 27. Bh3
Be3+ 28. Kg2 Ra1 29. Be6+ Kh8 30. Qxd6 h5 31. Qf8+ Kh7 32. Bg8+ Kh8 33. Bf7+
1-0

[Event "10. Lichtenberger Sommer"]
[Site "Berlin"]
[Date "2011.08.14"]
[Round "3.70"]
[White "Keusch, Horst"]
[Black "Theilig, Reinhard"]
[Result "1-0"]
[WhiteElo "2004"]
[BlackElo "1701"]
[PlyCount "60"]
[EventDate "2011.??.??"]
[WhiteTeam "SC Friesen Lichtenberg e.V."]
[BlackTeam "VfB Hermsdorf e.V."]

1. d4 Nf6 2. Nf3 e6 3. e3 d5 4. Bd3 Nbd7 5. O-O a6 6. b3 b5 7. a4 b4 8. Bb2 Bb7
9. Ne5 Be7 10. Nd2 O-O 11. Qf3 Nxe5 12. dxe5 Nd7 13. Qh3 g6 14. Rad1 Nc5 15.
Be2 a5 16. Nf3 Ba6 17. Bxa6 Rxa6 18. Nd4 c6 19. f3 Qc7 20. Qh6 Re8 21. f4 Bf8
22. Qh3 Bg7 23. g4 Qe7 24. g5 Qf8 25. Qg2 Qe7 26. Rf3 h6 27. gxh6 Bxh6 28. Rh3
Kg7 29. f5 Qg5 30. f6+ Kf8 1-0

[Event "10. Lichtenberger Sommer"]
[Site "Berlin"]
[Date "2011.08.14"]
[Round "3.71"]
[White "Priese, Annika"]
[Black "Getzuhn, Detlef"]
[Result "0-1"]
[WhiteElo "1462"]
[BlackElo "1931"]
[PlyCount "94"]
[EventDate "2011.??.??"]
[WhiteTeam "SG 1871 Löberitz"]
[BlackTeam "SV Senat (FV Schach)"]

1. e4 c6 2. d4 d5 3. e5 Bf5 4. Nf3 e6 5. Be2 c5 6. c4 Nc6 7. Be3 cxd4 8. Nxd4
Bxb1 9. Nxc6 bxc6 10. Rxb1 Qa5+ 11. Bd2 Bb4 12. cxd5 exd5 13. Bxb4 Qxb4+ 14.
Qd2 Qxd2+ 15. Kxd2 h5 16. Rhc1 Ne7 17. Rc3 Kd7 18. Ba6 Rhb8 19. b3 Rb6 20. Be2
g6 21. Rbc1 Ke6 22. f4 Rb4 23. g3 Rab8 24. Rc5 f6 25. exf6 Kxf6 26. Bf3 Ke6 27.
Kd3 Kd6 28. R5c2 a5 29. Ke3 a4 30. bxa4 Rxa4 31. h3 Rba8 32. Ra1 Nf5+ 33. Kf2
Ra3 34. Rd2 R8a4 35. g4 Nh4 36. Be2 Rxf4+ 37. Ke1 Ng2+ 38. Kd1 Rb4 39. gxh5
Ne3+ 40. Ke1 gxh5 41. Bxh5 Rh4 42. Be8 Rxh3 43. Re2 Rh1+ 44. Kd2 Nc4+ 45. Kc2
Rxa1 46. Bf7 R1xa2+ 47. Kd1 Ne3+ 0-1

[Event "10. Lichtenberger Sommer"]
[Site "Berlin"]
[Date "2011.08.14"]
[Round "3.72"]
[White "Tscheuschner, Georg"]
[Black "Moeller, Dirk"]
[Result "1-0"]
[WhiteElo "1837"]
[BlackElo "1683"]
[PlyCount "57"]
[EventDate "2011.??.??"]
[WhiteTeam "SG Grün-Weiß Baumschulenweg e.V."]
[BlackTeam "SC Kreuzberg e.V."]

1. c4 e5 2. g3 f5 3. Bg2 c6 4. d4 e4 5. Nc3 Nf6 6. Nh3 Bb4 7. O-O d5 8. cxd5
cxd5 9. Bg5 O-O 10. Nf4 Bxc3 11. bxc3 h6 12. Bxf6 Rxf6 13. Qb3 Rd6 14. c4 dxc4
15. Qxc4+ Kh7 16. e3 Nd7 17. Rfc1 Nf6 18. Rab1 Qe8 19. Qb5 Qe7 20. Bh3 Rb6 21.
Bxf5+ Bxf5 22. Qxf5+ Kg8 23. Rxb6 axb6 24. Rc8+ Rxc8 25. Qxc8+ Kh7 26. Qf5+ Kg8
27. Qc8+ Kh7 28. Ne6 Nd7 29. Qxd7 1-0